|
|
|
|
| LEADER |
00000nam0a2200000 4500 |
| 001 |
371194 |
| 005 |
20231102012344.0 |
| 010 |
|
|
|a 8301007311
|
| 035 |
|
|
|a (RuTPU)RU\TPU\retro\28604
|
| 090 |
|
|
|a 371194
|
| 100 |
|
|
|a 20220929d1980 k y0rusy50 ba
|
| 101 |
0 |
|
|a eng
|
| 102 |
|
|
|a PL
|
| 105 |
|
|
|a a z 001zy
|
| 200 |
1 |
|
|a Defects and diffusion in solids. An introduction
|f S. Vrowec
|
| 210 |
|
|
|a Warszawa
|c PWN-Polish scientific publishers
|d 1980
|
| 215 |
|
|
|a 466 p.
|c il.
|
| 320 |
|
|
|a References: p. 444-464
|
| 320 |
|
|
|a Subject Index: p. 465-466
|
| 510 |
1 |
|
|a Дефекты и диффузия в твердых телах
|z rus
|
| 606 |
1 |
|
|a Металлы
|x Дефекты точечные
|x Материаловедение
|2 stltpush
|3 (RuTPU)RU\TPU\subj\43069
|9 62654
|
| 606 |
1 |
|
|a Диффузия в твердых телах
|2 stltpush
|3 (RuTPU)RU\TPU\subj\9754
|9 36930
|
| 610 |
1 |
|
|a материаловедение
|
| 610 |
1 |
|
|a физика
|
| 610 |
1 |
|
|a твердые тела
|
| 610 |
1 |
|
|a кристаллические структуры
|
| 610 |
1 |
|
|a дефекты
|
| 610 |
1 |
|
|a поверхностные дефекты
|
| 610 |
1 |
|
|a диффузионные процессы
|
| 610 |
1 |
|
|a самодиффузия
|
| 610 |
1 |
|
|a гетеродиффузия
|
| 610 |
1 |
|
|a сплавы
|
| 610 |
1 |
|
|a оксиды металлов
|
| 610 |
1 |
|
|a сульфиды
|
| 610 |
1 |
|
|a галогены
|
| 610 |
1 |
|
|a галогениды
|
| 610 |
1 |
|
|a английский язык
|
| 675 |
|
|
|a 669:620.179
|v 4
|
| 675 |
|
|
|a 539.217
|v 4
|
| 700 |
|
1 |
|a Vrowec
|b S.
|g Stanislaw
|
| 801 |
|
1 |
|a RU
|b 63413507
|c 20220929
|
| 942 |
|
|
|c BK
|